00704 a2200181 4500020001600000040001300016082001800029100002200047245006200069260006100131300003500192500005000227650003400277700002200311942002600333999001500359952014800374 a 9971513986 aDLCbDLC a 620.0014 STE aStevenson, Susan. aStrategies for engineering communicationcSusan Stevenson aSingapore :bJohn Wiley & Sons, (Asia) Pte Ltd.,cc2002. a ix, 372 p. :bill. ;c 25 cm. aIncludes bibliographical references and index aCommunication in engineering. a Whitmore, Steve. cBKk620.0014 STE2ddc c8045d8045 001040708NFICaCLbCLcGENd2004-08-21eProgressive International Agenciesg341.06l0o620.0014 STEpSEECS004702r2012-11-14w2017-01-05yBK